| 000 | 01455nam a2200205 a 4500 | ||
|---|---|---|---|
| 008 | 161215t1995 ag |||g |||| 001 p spa d | ||
| 020 | _a8448704029 | ||
| 041 | _aspa | ||
| 092 |
_c808.8 _l55 _sNER |
||
| 100 | 1 |
_aNeruda, Pablo _92928 |
|
| 245 | 3 |
_a20 poemas de amor y una canción desesperada. _bCien sonetos de amor / _cPablo Neruda |
|
| 250 | _a1a ed. | ||
| 260 |
_aBuenos Aires: _bLosada; _c1995. |
||
| 300 | _a230 p. | ||
| 500 | _aNeruda, P. (1995). 20 poemas de amor y una canción desesperada. Cien sonetos de amor. (1a ed.). Buenos Aires : Losada. | ||
| 505 | _aPablo Neruda -nacido en Parral, Chile, en 1904, galardonado en 1971 con el Premio Nobel de Literatura y muerto en Santiago en 1973- es uno de los mayores poetas del idioma. Algunas de sus obras quizás hayan ejercido una influencia más duradera en la transformación del lenguaje poético -Residencia en la tierra, por ejemplo-, otras tal vez despierten sensaciones más diversas y ricas -como el Canto del General o el Memorial de la Isla Negra-, otras es probable que se presten mejor a la polémica -sus Odas elementales o sus encendidos poemas políticos-, pero de ellas la que ha logrado la mayor aceptación popular y el calor emocional más profundo son esos 20 poemas de amor y una canción desesperada, que se publicaron por primera vez en 1924. | ||
| 590 | _aProyecto 4to libro. Donación Liliana Quadrini, Septiembre 2017. | ||
| 655 |
_aPoesia _92929 |
||
| 942 |
_2ddc _cLIT |
||
| 999 |
_c2475 _d2475 |
||